Obálka Náhled e-knihy:
PDF Epub
Pro půjčování e-knih musíte být přihlášeni.
Jak si půjčit online?

Svědomí /

Druhý případ Marka Tenglera od tvůrkyně podcastu Opravdové zločiny.

Uloženo v:
Série:Marek Tengler, část 2
Hlavní autor: Bechynková, Lucie (Autor)
Médium: E-kniha
Jazyk:Czech
Vydáno: V Brně : Nastole, 2025
Vydání:1. vydání
Témata:
Příbuzné jednotky:Z cyklu:: Marek Tengler
Tagy:
Žádné tagy
LEADER 02238nam a2200409 i 4500
001 312843
003 CZ PrSKC
005 20260601215729.0
007 ta
008 251006s2025 xr g 000 f cze
015 |a cnb003711530 
020 |a 9788074484841  |q (brožováno) :  |c Kč 399,00 
035 |a (OCoLC)1559932391 
040 |a BOA001  |b cze  |e rda 
072 7 |a 821.162.3-3  |x Česká próza  |2 Konspekt 
080 |a 821.162.3-31  |2 MRF 
080 |a (0:82-312.4)  |2 MRF 
100 1 |a Bechynková, Lucie  |7 xx0263540  |4 aut 
245 1 0 |a Svědomí /  |c Lucie Bechynková 
250 |a 1. vydání 
264 1 |a V Brně :  |b Nastole,  |c 2025 
300 |a 326 stran ;  |c 21 cm 
336 |a text  |b txt  |2 rdacontent 
337 |a bez média  |b n  |2 rdamedia 
338 |a svazek  |b nc  |2 rdacarrier 
520 2 |a Druhý případ Marka Tenglera od tvůrkyně podcastu Opravdové zločiny.  |b Jednou za rok, vždy na stejném místě. Parta bývalých spolužáků se schází v penzionu uprostřed Vysočiny, aby si připomněli staré časy. Letos ale nebude co slavit - jeden z nich už se totiž domů nevrátí. Policista Marek Tengler se znovu pouští do vyšetřování, které vede hluboko do minulosti. Kdo měl důvod vraždit? A mají se bát i ostatní? Lži, tajemství a dávné křivdy začínají vyplouvat na povrch. Tengler ví, že ve hře je hodně... a brzo se objeví náznaky, že vrahův motiv může být komplikovanější, než se zdá. Nakladatelská anotace. 
655 7 |a české romány  |7 fd133974  |2 czenas 
655 7 |a detektivní romány  |7 fd132010  |2 czenas 
655 9 |a Czech fiction  |2 eczenas 
655 9 |a detective novels  |2 eczenas 
787 0 8 |i Z cyklu:  |t Marek Tengler  |g 2 
900 |a ABA001  |b 21 
928 9 |a Albatros Media - Nastole 
044 |a xr 
910 |a RBIT002 
998 |d 423007  |a https://core.palmknihy.cz/api/books/423007/cover?t3zyco  |b https://core.palmknihy.cz/api/books/423007/cover/400?t3zyco  |c https://core.palmknihy.cz/api/books/423007/cover/50?t3zyco  |e 2035-12-31  |g 328  |i 9788074484841  |j https://core.palmknihy.cz/api/books/423007/preview.epub  |k https://core.palmknihy.cz/api/books/423007/preview.pdf  |l   |q 49  |r 1  |s https://www.palmknihy.cz/kniha/423007  |t ebook  |y 2025  |z 0  |v Marek Tengler  |w 2 
999 |d 312841